02144nam a2200373 a 4500001001300000003000900013005001700022008004100039020001800080040002800098082001700126240003300143245020500176250003600381260011000417300004600527504005900573650006700632650005700699650005300756700004400809700004200853700004600895700004000941700003200981700003601013942001201049999001701061952012901078952015201207952015001359952013101509952013001640C01543644c-9CO-ViMGA20250801162558.0160920s2015 ck a gr 00010 spa d a9789587402032 aCO-ViMGAbspacCO-ViMGA04a633.2 bB15b10aMeta-Bibliografía regional10aBancos forrajeros en sistemas agrosilvopastoriles para la alimentación animal en el piedemonte del Meta / cGuillermo Alonso Bueno Guzmán, Óscar Pardo Barbosa, Otoniel Pérez López [y otros]. aEditora Liliana Gaona García. aBogotá : bCorporación Colombia de Investigación Agropecuaria :bMinisterio de Agricultura, c2015. a86 páginas : bilustraciones ; c24 cm. aIncluye referencias bibliográficas (páginas 79-84)14aAlimentos para animalesx Producciónz Meta (Colombia)9943414aPlantas forrajerasx Cultivoz Meta (Colombia)9943214aSistemas silvopastorilesz Meta (Colombia)994331 aBueno Guzmán, Guillermo Alonso.994361 aCerinza Murcia, Óscar Javier.994391 aGaona García, Liliana, eeditora.994351 aPabón Leal, Diego Mauricio.994401 aPardo Barbosa, Oscar.994371 aPérez López, Otoniel.99438 2ddccBK c37946d37946 00102ddc40708002aMEVIECARbMEVIECARd2017-05-18l1o633.2 B15bp032105r2018-04-10 00:00:00s2018-04-02w2017-05-18yBK 00102ddc40708GENaMEGUAMALbMEGUAMALcLITd2024-11-05eLiteratura Regionall0o633.2 B15bpGUA004396r2024-11-05 15:53:24tEj.1w2024-11-05yBK 001040708FPatrimaMEVIGERRbMEVIGERRcLOCALd2017-06-20o633.200986194 B15pECA25860r2024-11-26 09:50:45tEj.1w2024-11-26yBKz19554 | 24984 00102ddc40708GENaMEPLOPEZbMEPLOPEZcGENd2025-06-20l0o633.2 B15bpPLZ02348r2025-06-20 17:24:14tEj.1w2025-06-20yBK 00102ddc40708GENaMESGUARObMESGUAROcGENd2025-08-21l0o633.2 B15bpSG04185r2025-08-21 21:42:20tEj.1w2025-08-21yBK